Understanding Anesthesia Equipment (Record no. 6001)

MARC details
000 -LEADER
fixed length control field 01254cam a22003494a 4500
001 - CONTROL NUMBER
control field 14764739
003 - CONTROL NUMBER IDENTIFIER
control field OSt
005 - DATE AND TIME OF LATEST TRANSACTION
control field 20200206110048.0
008 - FIXED-LENGTH DATA ELEMENTS--GENERAL INFORMATION
fixed length control field 070307s2008 paua b 001 0 eng
010 ## - LIBRARY OF CONGRESS CONTROL NUMBER
LC control number 2007009915
016 7# - NATIONAL BIBLIOGRAPHIC AGENCY CONTROL NUMBER
Record control number 101301169
Source DNLM
020 ## - INTERNATIONAL STANDARD BOOK NUMBER
International Standard Book Number 9780781776035
020 ## - INTERNATIONAL STANDARD BOOK NUMBER
International Standard Book Number 9788189960339
035 ## - SYSTEM CONTROL NUMBER
System control number (OCoLC)ocm85862338
040 ## - CATALOGING SOURCE
Original cataloging agency DNLM/DLC
Transcribing agency DLC
Modifying agency NLM
-- BAKER
-- BTCTA
-- C#P
-- YDXCP
-- DLC
042 ## - AUTHENTICATION CODE
Authentication code pcc
050 00 - LIBRARY OF CONGRESS CALL NUMBER
Classification number RD78.8
Item number .D67 2008
060 10 - NATIONAL LIBRARY OF MEDICINE CALL NUMBER
Classification number 2007 L-710
082 00 - DEWEY DECIMAL CLASSIFICATION NUMBER
Classification number WO240 D738u 2008
Edition number 22
100 1# - MAIN ENTRY--PERSONAL NAME
Personal name Dorsch, Jerry A.; Dorsch, Susan E.,
9 (RLIN) 12459
245 10 - TITLE STATEMENT
Title Understanding Anesthesia Equipment
250 ## - EDITION STATEMENT
Edition statement 5th ed.
260 ## - PUBLICATION, DISTRIBUTION, ETC. (IMPRINT)
Place of publication, distribution, etc. Philadelphia :
Name of publisher, distributor, etc. Wolters Kluwer Health,
Date of publication, distribution, etc. 2008.
300 ## - PHYSICAL DESCRIPTION
Extent xii, 1036 p. :
Other physical details ill. ;
Dimensions 28 cm.
504 ## - BIBLIOGRAPHY, ETC. NOTE
Bibliography, etc Includes bibliographical references and index.
650 #0 - SUBJECT ADDED ENTRY--TOPICAL TERM
Topical term or geographic name as entry element Anesthesia instruments.
9 (RLIN) 12460
856 41 - ELECTRONIC LOCATION AND ACCESS
Materials specified Table of contents only
Uniform Resource Identifier <a href="http://www.loc.gov/catdir/toc/ecip0713/2007009915.html">http://www.loc.gov/catdir/toc/ecip0713/2007009915.html</a>
856 42 - ELECTRONIC LOCATION AND ACCESS
Materials specified Publisher description
Uniform Resource Identifier <a href="http://www.loc.gov/catdir/enhancements/fy0712/2007009915-d.html">http://www.loc.gov/catdir/enhancements/fy0712/2007009915-d.html</a>
906 ## - LOCAL DATA ELEMENT F, LDF (RLIN)
a 7
b cbc
c orignew
d 1
e ecip
f 20
g y-gencatlg
942 ## - ADDED ENTRY ELEMENTS (KOHA)
Source of classification or shelving scheme Other/Generic Classification Scheme
Koha item type Short Loan
Holdings
Withdrawn status Lost status Source of classification or shelving scheme Damaged status Not for loan Home library Current library Date acquired Source of acquisition Inventory number Total Checkouts Full call number Barcode Date last seen Koha item type
    Other/Generic Classification Scheme     MUST Main Library MUST Main Library 26/02/2018 Purchase 17/40441   WO240 D738u 2008 2018-0096 26/02/2018 Short Loan